000 00304 a2200145 4500
001 157268
040 _cEscola São Tomás de Aquino
100 _aCORENTIN, Philippe
240 1 0 _aPapai!
_lpor
245 1 0 _aPapai!
300 _a2014
362 0 _a2014
697 _a*LITERATURA INFANTO
942 _cBK
999 _c157268
_d157268